| 000 | 00527nam a2200181Ia 4500 | ||
|---|---|---|---|
| 003 | OSt | ||
| 005 | 20260130103926.0 | ||
| 008 | 210210b1948 xxu||||| |||| 00| 0 eng d | ||
| 040 | _cAL | ||
| 041 | _aKannada | ||
| 082 | _a853/255 | ||
| 100 |
_aBADARAYANA MURTI _9161397 _d ಬಾದರಾಯಣ ಮೂರ್ತಿ |
||
| 245 |
_aShilpi chakravarti; _bಶಿಲ್ಪಿ ಚಕ್ರವರ್ತಿ |
||
| 260 |
_aBengaluru _bEch En Rav Bradars _c1948 |
||
| 690 |
_aKannada Drama _9161398 |
||
| 906 | _a019529 | ||
| 942 |
_2ddc _cBK |
||
| 999 |
_c143659 _d143659 |
||